ՀՀ Գիտությունների ազգային ակադեմիայի հիմնարար գիտական գրադարան  =   Fundamental Scientific Library of NAS RA

Հայաստանի Հանրապետության պատերազմի և զինված ուժերի վետերանների կոմիտեի հիմնադրումը և գործունեությունը : (Record no. 301829)

MARC details
000 -LEADER
fixed length control field 01310nam a2200229 a 4500
001 - CONTROL NUMBER
control field 000841450
003 - CONTROL NUMBER IDENTIFIER
control field AM-YeHGA
005 - DATE AND TIME OF LATEST TRANSACTION
control field 20250617144843.0
008 - FIXED-LENGTH DATA ELEMENTS--GENERAL INFORMATION
fixed length control field 111026s2011 ai r 000 0 arm d
020 ## - INTERNATIONAL STANDARD BOOK NUMBER
Canceled/invalid ISBN 978-9939-52-407-8
040 ## - CATALOGING SOURCE
Original cataloging agency AM-YeHGA
041 0# - LANGUAGE CODE
Language code of text/sound track or separate title arm
090 ## - LOCALLY ASSIGNED LC-TYPE CALL NUMBER (OCLC); LOCAL CALL NUMBER (RLIN)
-- 303528
245 00 - TITLE STATEMENT
Title Հայաստանի Հանրապետության պատերազմի և զինված ուժերի վետերանների կոմիտեի հիմնադրումը և գործունեությունը :
Remainder of title Համառոտ ակնարկ /
Statement of responsibility, etc. Կազմ.՝ Պ. Պետրոսյան; Խմբ.՝ Ա. Քինակցյան; Հայաստանի Հանրապետության պատերազմի և զինված ուժերի վետերանների կոմիտե.
260 ## - PUBLICATION, DISTRIBUTION, ETC.
Place of publication, distribution, etc. Երևան :
Name of publisher, distributor, etc. Էդիթ պրինտ,
Date of publication, distribution, etc. 2011.
300 ## - PHYSICAL DESCRIPTION
Extent 60 էջ :
Other physical details լուսանկ. ;
Dimensions 21 սմ.
650 14 - SUBJECT ADDED ENTRY--TOPICAL TERM
Topical term or geographic name entry element Զինված ուժեր
Geographic subdivision Հայաստանի Հանրապետություն
653 1# - INDEX TERM--UNCONTROLLED
Uncontrolled term Պատերազմի և զինված ուժերի վետերաններ
700 1# - ADDED ENTRY--PERSONAL NAME
Personal name Պետրոսյան, Պետրոս Արտաշեսի
Relator term կազմ.
Relationship com
700 1# - ADDED ENTRY--PERSONAL NAME
Personal name Քինակցյան, Արմեն
Relator term խմբ.
Relationship edt
710 2# - ADDED ENTRY--CORPORATE NAME
Corporate name or jurisdiction name as entry element Հայաստանի Հանրապետության պատերազմի և զինված ուժերի վետերանների կոմիտե
Holdings
Withdrawn status Lost status Damaged status Not for loan Collection Home library Current library Date acquired Cost, normal purchase price Shelving control number Total checkouts Full call number Barcode Date last seen Price effective from Koha item type Public note
        General Fundamental Scientific Library Fundamental Scientific Library 09/01/2017 500.00     AII/97133 FL0188213 09/01/2017 09/01/2017 Գրքեր / Books 30 Days Loan
        General Fundamental Scientific Library Fundamental Scientific Library 09/01/2017 500.00     AII/97134 FL0188214 09/01/2017 09/01/2017 Գրքեր / Books 30 Days Loan


ՀՀ ԳԱԱ հիմնարար գիտական գրադարան
ՀՀ,Երևան 0019
Մարշալ Բաղրամյան 24/6
հեռախոս:(374-10) 52-47-50
Հետադարձ կապ

All site content, except where otherwise noted, is licensed under a
Creative Commons License